All Camila Cabello songs - Statistics

General Stats
  • This quiz has been taken 34 times
  • The average score is 40 of 61
Answer Stats
Hint Answer % Correct
feat. Young Thug Havana
100%
feat. Shawn Mendes Senorita
100%
feat. Ed Sheeran Bam Bam
95%
Liar
89%
feat. DaBaby My oh my
89%
Camila> Never be the same
89%
Don't go yet
84%
Romance> Shameless
84%
debut single Crying in the club
79%
C,XOXO>feat. Playboi Carti I LUV IT
79%
single, feat. Quavo OMG
79%
Easy
74%
First Man
74%
Consequences
68%
feat. Lil Nas X HE KNOWS
68%
June gloom
68%
Living proof
68%
Real friends
68%
w/ Pharrell Williams;single Sangria wine
68%
She loves control
68%
feat. Eem Triplin baby pink
63%
Bad kind of butterflies
63%
B.O.A.T.
63%
can friends kiss?
63%
Cry for me
63%
feat. JT & Yung Miami Dade County Dreaming
63%
GODSPEED
63%
feat. Maria Becerra Hasta Los Dientes
63%
feat. Drake HOT UPTOWN
63%
Inside out
63%
In the dark
63%
into it
63%
single; feat. Keinemusik& Orso Move
63%
pretty when I cry
63%
feat. WILLOW Psychofreak
63%
This love
63%
Twentysomethings
63%
Used to this
63%
All these years
58%
Boys don't cry
58%
Celia
58%
Chanel no.5
58%
DREAM-GIRLS
58%
Everyone at this party
58%
Familia> Familia
58%
single I have Questions
58%
La Buena Vida
58%
feat. Yotuel Lola
58%
No Doubt
58%
single; w/ Mike Towers& Tainy Oh Na Na
58%
pink xoxo
58%
Quiet
58%
Should've said it
58%
Something's gotta give
58%
feat. Drake Uuugly
58%
305tilidie
53%
Come Show Me
53%
Dream of you
53%
Feel it twice
53%
feat. BLP KOSHER koshi xoxo
53%
holiday single I'll be home for Christmas
42%
No matching quizzes found
Score Distribution
Percent of People with Each Score
Percentile by Number Answered
Your Score History
You have not taken this quiz